|
|
|
|
| LEADER |
00000cam a2200000 i 4500 |
| 001 |
1/102711 |
| 008 |
090313s1963 gr | ||| |||| ||gre|| |
| 035 |
|
|
|l 10103770
|
| 040 |
|
|
|a GR-MyUA
|b gre
|e AACR2
|
| 041 |
0 |
|
|a gre
|
| 082 |
0 |
|
|a 515
|2 (22)
|
| 100 |
1 |
|
|a Βασιλείου, Φίλων Μ.,
|d 1904-1983.
|
| 245 |
1 |
0 |
|a Ανώτερα μαθηματικά /
|c Φίλων Βασιλείου.
|
| 260 |
|
|
|a Αθήναι :
|b [χ.ό.],
|c 1963.
|
| 300 |
|
|
|a 2 σε 1, (iv, 480 σ.) ;
|c 24 εκ.
|
| 505 |
0 |
|
|a Τόμος πρώτος, Τεύχος πρώτον: Ανώτερα μαθηματικά. Γραμμική άλγεβρα - Αναλυτική γεωμετρία - Πίνακες - Διαφορικός λογισμός - Εφαρμογαί.Τεύχος δεύτερον: Ανώτερα μαθηματικά. Εφαρμογαί διαφ. λογισμού - Αναλυτ. γεωμετρία ΙΙ και άλγεβρα - Ολοκληρωτικός λογισμός - Σειραί.
|
| 650 |
0 |
0 |
|a Calculus
|x Study and teaching (Higher)
|
| 650 |
0 |
0 |
|a Algebra
|x Study and teaching (Higher)
|
| 650 |
0 |
0 |
|a Geometry, Analytic
|x Study and teaching (Higher)
|
| 852 |
|
|
|a INST
|b SAMOS
|c MAG
|e 20090313
|h 515 ΒΑΣ
|p 005300029119
|q 005300029119
|t BK
|y 0
|
| 901 |
|
|
|a BIBL3-2009-1
|
| 909 |
|
|
|a Σ
|b 155844
|
| 970 |
|
|
|a ΡΟΥΣΣΟΥ
|b ΚΩΝΣΤΑΝΤΙΝΑ
|z 2009/03/13
|